000 00983cai a22002295a 4500
001 L140306
008 070917s2007 xxk f 000 0 eng d
035 _a(Sirsi) u140306
041 0 _aeng
050 0 4 _a346.410436 $2 18
110 2 _aProperty Litigation Association
_94147
245 0 0 _aPost-action protocol
_bpart II Landlord and Tenant Act 1954
_h[electronic resource]
260 _a[S.l]
_bPLA
_c2007
505 2 _aIntroduction -- Standard lease renewal proceedings -- Contested Lease renewal proceedings -- Appendices
520 _aProvides general guidance to landlords and tenants, concerning the way in which business tenancy proceedings will normally operate.
590 _aKA
650 2 4 _aLANDLORD AND TENANT ACT 1954 PART II
651 4 _aEngland and Wales
_y1543-
690 _aPROPERTY-LEASEHOLD PROPERTY-LANDLORD AND TENANT-LEASES-LEASE RENEWAL
856 4 0 _uhttps://www.pla.org.uk/library
_zView this item free of charge at www.pla.org.uk...
942 _n0
999 _c107480
_d107480